000 00333nam a22001457a 4500
008 210312b ||||| |||| 00| 0 eng d
020 _a9781452820460
041 _aeng
080 _a616.34
082 _a616.34
100 _a9
101 _aGAS
245 _aThe Tunnel at the end of the Light
_cCotton, P. B
942 _2udc
_cBK
999 _c56603
_d56603